[Event "Tunja Boyaca op"]
[Site "Tunja"]
[Date "2019.08.01"]
[Round "3"]
[White "Munoz Galvez, Jhon Edison"]
[Black "Prado, Leonardo"]
[Result "1-0"]
[WhiteElo "2337"]
[BlackElo "2077"]
[PlyCount "122"]
[EventDate "2019.07.31"]
[EventType "swiss"]
[EventRounds "9"]
[EventCountry "COL"]
[SourceTitle "EXT 2020"]
[Source "ChessBase"]
[SourceDate "2019.10.17"]
[SourceVersion "1"]
[SourceVersionDate "2019.10.17"]
[SourceQuality "1"]

1. d4 Nf6 2. c4 e6 3. Nc3 c5 4. d5 exd5 5. cxd5 d6 6. e4 g6 7. Nf3 Bg7 8. h3 0-0 9. Bd3 Re8 10. 0-0 a6 11. a4 Nbd7 12. Bf4 Qc7 13. Re1 Rb8 14. Bf1 Nh5 15. Bh2 Ne5 16. Nd2 Bh6 17. a5 Qe7 18. Nf3 f6 19. Na4 Nf4 20. Ra3 Bd7 21. Nb6 Bb5 22. Nxe5 fxe5 23. Rb3 Bd7 24. Bg3 Rf8 25. Nxd7 Qxd7 26. Rb6 Bg5 27. Qg4 Qxg4 28. hxg4 Be7 29. f3 g5 30. Bf2 Rf6 31. Bxa6 Bd8 32. Rxb7 Rxb7 33. Bxb7 Bxa5 34. Ra1 Bb4 35. Ba6 h5 36. gxh5 Nxh5 37. Be3 Rg6 38. Kf2 g4 39. Bc8 g3+ 40. Ke2 Nf4+ 41. Bxf4 exf4 42. Be6+ Kg7 43. Ra7+ Kf6 44. Rf7+ Ke5 45. Kd3 Rg5 46. Bg4 Ba5 47. Rf8 Bc7 48. Kc4 Ba5 49. Bd7 Rh5 50. Be8 Rg5 51. Bg6 Bd2 52. Re8+ Kf6 53. Re6+ Kg7 54. Be8 Kf8 55. Bg6 Kg7 56. Bf5 Rh5 57. Rxd6 Rh2 58. Rg6+ Kf7 59. d6 Rxg2 60. e5 Re2 61. e6+ Kf8 1-0

[Event "Gachantiva op 9th"]
[Site "Gachantiva"]
[Date "2019.06.23"]
[Round "4"]
[White "Prado, Leonardo"]
[Black "Vanegas, Ricardo"]
[Result "1-0"]
[WhiteElo "2082"]
[BlackElo "1807"]
[PlyCount "67"]
[EventDate "2019.06.21"]
[EventType "swiss"]
[EventRounds "7"]
[EventCountry "COL"]
[SourceTitle "CBM 191 Extra"]
[Source "ChessBase"]
[SourceDate "2019.09.30"]
[SourceVersion "1"]
[SourceVersionDate "2019.09.30"]
[SourceQuality "1"]

1. e4 c5 2. Nf3 e6 3. d4 cxd4 4. Nxd4 a6 5. Nc3 Qc7 6. a4 Nf6 7. Bd3 Nc6 8. Nxc6 dxc6 9. 0-0 e5 10. Kh1 Bc5 11. Qe2 Bg4 12. Qe1 h5 13. Rb1 h4 14. h3 Be6 15. b4 Be7 16. a5 Nh5 17. Na4 Rd8 18. Nc5 Bc8 19. Qc3 g5 20. Be2 Nf6 21. Bxg5 Nh7 22. Bxe7 Qxe7 23. f4 Rd4 24. fxe5 Qxe5 25. Nd3 Qg7 26. e5 Rd8 27. Nf4 Rg8 28. Bf3 Qg5 29. Rbe1 Be6 30. Nxe6 fxe6 31. Re2 Nf8 32. Bg4 Rd5 33. Qf3 Rxe5 34. Rxe5 1-0

[Event "COL pre olympic sf2"]
[Site "Palmira"]
[Date "2019.06.03"]
[Round "10"]
[White "Ospina Castro, Santiago"]
[Black "Prado, Leonardo"]
[Result "1/2-1/2"]
[WhiteElo "1928"]
[BlackElo "2080"]
[PlyCount "60"]
[EventDate "2019.05.29"]
[EventType "swiss"]
[EventRounds "10"]
[EventCountry "COL"]
[SourceTitle "CBM 190 Extra"]
[Source "ChessBase"]
[SourceDate "2019.07.15"]
[SourceVersion "1"]
[SourceVersionDate "2019.07.15"]
[SourceQuality "1"]

1. e4 e5 2. Nf3 Nc6 3. Bc4 Nf6 4. d3 Be7 5. 0-0 0-0 6. Re1 d6 7. c3 Na5 8. Bb5 a6 9. Ba4 b5 10. Bc2 Bg4 11. Nbd2 c5 12. h3 Bh5 13. Nf1 Re8 14. Ng3 Bg6 15. d4 Qc7 16. d5 Rab8 17. b3 Nb7 18. Bg5 Qd8 19. Bxf6 Bxf6 20. Qd2 h5 21. Nf1 h4 22. Ne3 Bh5 23. Nf5 g6 24. Qh6 Bxf3 25. gxf3 gxf5 26. Kh1 Bg5 27. Rg1 f6 28. Qg6+ Kf8 29. Rxg5 fxg5 30. Qh6+ Kg8 1/2-1/2

[Event "COL pre olympic sf2"]
[Site "Palmira"]
[Date "2019.06.02"]
[Round "9"]
[White "Prado, Leonardo"]
[Black "Rivera, Ingris"]
[Result "0-1"]
[WhiteElo "2080"]
[BlackElo "2180"]
[PlyCount "80"]
[EventDate "2019.05.29"]
[EventType "swiss"]
[EventRounds "10"]
[EventCountry "COL"]
[SourceTitle "CBM 190 Extra"]
[Source "ChessBase"]
[SourceDate "2019.07.15"]
[SourceVersion "1"]
[SourceVersionDate "2019.07.15"]
[SourceQuality "1"]

1. e4 c5 2. Nf3 d6 3. d4 cxd4 4. Nxd4 Nf6 5. Nc3 a6 6. Bg5 Nbd7 7. Qf3 h6 8. Bd2 e6 9. Be2 Qc7 10. Qg3 b5 11. a3 Bb7 12. Bd3 Nc5 13. f3 Rc8 14. 0-0 g6 15. Rae1 Bg7 16. Ndxb5 axb5 17. Nxb5 Qb6 18. Nxd6+ Ke7 19. Nxc8+ Rxc8 20. Bb4 Nfd7 21. e5 Ke8 22. Kh1 Nxd3 23. cxd3 Qd4 24. Bc3 Qxd3 25. Rd1 Qb5 26. Rfe1 Bf8 27. Re3 Nb6 28. Red3 Nd5 29. Qe1 Ba6 30. h3 Be7 31. Rd4 Qb3 32. Qd2 g5 33. h4 Kf8 34. g3 Nxc3 35. bxc3 Rxc3 36. hxg5 Bxg5 37. f4 Bb7+ 38. Kh2 Rc2 39. fxg5 hxg5 40. Rd3 Qxd3 0-1

[Event "COL pre olympic sf2"]
[Site "Palmira"]
[Date "2019.06.01"]
[Round "7"]
[White "Prado, Leonardo"]
[Black "Sanchez, Sebastian Felipe"]
[Result "1/2-1/2"]
[WhiteElo "2080"]
[BlackElo "2413"]
[PlyCount "90"]
[EventDate "2019.05.29"]
[EventType "swiss"]
[EventRounds "10"]
[EventCountry "COL"]
[SourceTitle "CBM 190 Extra"]
[Source "ChessBase"]
[SourceDate "2019.07.15"]
[SourceVersion "1"]
[SourceVersionDate "2019.07.15"]
[SourceQuality "1"]

1. e4 c5 2. Nf3 Nc6 3. d4 cxd4 4. Nxd4 Nf6 5. Nxc6 bxc6 6. Bd3 e5 7. 0-0 Bc5 8. Qe2 d6 9. Nc3 Bg4 10. Qe1 a5 11. Na4 Ba7 12. b3 Be6 13. Kh1 Ng4 14. f3 Nf6 15. Bd2 Bd4 16. Rd1 0-0 17. c3 Ba7 18. Bg5 h6 19. Bh4 g5 20. Bg3 Qe7 21. Rd2 Rfd8 22. Bf2 Kf8 23. Bxa7 Qxa7 24. c4 Nd7 25. Bc2 Ke7 26. Nc3 Nc5 27. Ne2 Qb8 28. f4 exf4 29. Nd4 Kd7 30. g3 fxg3 31. Qxg3 Kc7 32. Nf5 Bxf5 33. Rxf5 Qb4 34. Rxf7+ Nd7 35. Rd1 Rf8 36. Rh7 Rae8 37. e5 Rxe5 38. Rxd7+ Kxd7 39. Qxe5 Rf1+ 40. Kg2 Rxd1 41. Qg7+ Ke8 42. Qg6+ Kd8 43. Qf6+ Kd7 44. Qf7+ Kd8 45. Qf8+ Kd7 1/2-1/2

[Event "COL pre olympic sf2"]
[Site "Palmira"]
[Date "2019.05.30"]
[Round "2"]
[White "Arenas Vanegas, David"]
[Black "Prado, Leonardo"]
[Result "1-0"]
[WhiteElo "2455"]
[BlackElo "2080"]
[PlyCount "71"]
[EventDate "2019.05.29"]
[EventType "swiss"]
[EventRounds "10"]
[EventCountry "COL"]
[SourceTitle "CBM 190 Extra"]
[Source "ChessBase"]
[SourceDate "2019.07.15"]
[SourceVersion "1"]
[SourceVersionDate "2019.07.15"]
[SourceQuality "1"]

1. e4 c5 2. Nf3 Nc6 3. Nc3 d6 4. d4 cxd4 5. Nxd4 Bd7 6. Be3 Nf6 7. f3 a6 8. Qd2 Rc8 9. 0-0-0 e6 10. g4 Nxd4 11. Qxd4 Bc6 12. g5 Nd7 13. h4 Qc7 14. Kb1 b5 15. a3 Qb7 16. h5 a5 17. h6 Rg8 18. Nd5 gxh6 19. gxh6 Rg6 20. f4 Rxh6 21. Rxh6 Bxh6 22. f5 e5 23. Qd2 Bxe3 24. Nxe3 Bxe4 25. Qxd6 Rc6 26. Qd2 b4 27. axb4 axb4 28. Bc4 Rc7 29. b3 Qb6 30. Nd5 Bxd5 31. Qxd5 Qf6 32. Qa5 Nb6 33. Qxb4 Nd7 34. Qa5 Rxc4 35. bxc4 Qb6+ 36. Qb5 1-0

[Event "COL pre olympic sf2"]
[Site "Palmira"]
[Date "2019.05.29"]
[Round "1"]
[White "Prado, Leonardo"]
[Black "Finley Rosero, Karol Valentina"]
[Result "1-0"]
[WhiteElo "2080"]
[BlackElo "1520"]
[PlyCount "31"]
[EventDate "2019.05.29"]
[EventType "swiss"]
[EventRounds "10"]
[EventCountry "COL"]
[SourceTitle "CBM 190 Extra"]
[Source "ChessBase"]
[SourceDate "2019.07.15"]
[SourceVersion "1"]
[SourceVersionDate "2019.07.15"]
[SourceQuality "1"]

1. e4 c5 2. Nf3 d6 3. d4 cxd4 4. Nxd4 Nf6 5. Nc3 g6 6. Be3 Bg7 7. Qd2 Ng4 8. Bg5 Qb6 9. Ndb5 Qc5 10. Nd5 0-0 11. Bxe7 Re8 12. Nbc7 Rxe7 13. Nxe7+ Kh8 14. Ned5 Bd4 15. 0-0-0 Bxf2 16. b4 1-0

[Event "Bogota AlphaZero op"]
[Site "Bogota"]
[Date "2018.08.17"]
[Round "1"]
[White "Suarez, Nelson Ricardo"]
[Black "Prado, Leonardo"]
[Result "0-1"]
[WhiteElo "1575"]
[BlackElo "2042"]
[PlyCount "67"]
[EventDate "2018.08.17"]
[EventType "swiss"]
[EventRounds "7"]
[EventCountry "COL"]
[SourceTitle "CBM 186 Extra"]
[Source "ChessBase"]
[SourceDate "2018.08.24"]
[SourceVersion "1"]
[SourceVersionDate "2018.08.24"]
[SourceQuality "1"]

1. e4 e5 2. Nf3 Nc6 3. Bb5 Nf6 4. 0-0 Nxe4 5. d4 Nd6 6. Bxc6 dxc6 7. dxe5 Nf5 8. Qxd8+ Kxd8 9. Bg5+ Ke8 10. Nc3 h6 11. Bd2 Be6 12. Rad1 Be7 13. Ne2 Rd8 14. Bc3 c5 15. Nf4 Bc4 16. Rxd8+ Bxd8 17. Re1 Be6 18. Nxe6 fxe6 19. Nd2 Ne7 20. Ne4 b6 21. f4 Rf8 22. Rf1 Kd7 23. g4 Kc6 24. a4 a6 25. Ng3 Nd5 26. Bd2 Bh4 27. f5 Bxg3 28. hxg3 Kd7 29. Kg2 a5 30. f6 gxf6 31. exf6 Rxf6 32. Rxf6 Nxf6 33. Bxh6 Ke7 34. Kf3 0-1

[Event "COL-ch sf 2nd"]
[Site "Tunja"]
[Date "2018.04.22"]
[Round "10"]
[White "Prado, Leonardo"]
[Black "Torres Cueto, Jesus Marcial"]
[Result "0-1"]
[WhiteElo "2097"]
[BlackElo "2017"]
[PlyCount "124"]
[EventDate "2018.04.17"]
[EventType "swiss"]
[EventRounds "10"]
[EventCountry "COL"]
[SourceTitle "CBM 184 Extra"]
[Source "ChessBase"]
[SourceDate "2018.06.28"]
[SourceVersion "1"]
[SourceVersionDate "2018.06.28"]
[SourceQuality "1"]

1. e4 e6 2. d4 d5 3. e5 c5 4. c3 Nc6 5. Nf3 Qb6 6. Bd3 Bd7 7. dxc5 Bxc5 8. 0-0 Qc7 9. b4 Bb6 10. Qe2 Nge7 11. Re1 Ng6 12. a4 Qb8 13. h4 Bc7 14. Bxg6 hxg6 15. b5 Na5 16. Nbd2 Bd8 17. g3 Qc7 18. Ba3 Be7 19. Bb4 Rc8 20. Rab1 Nc4 21. Nb3 Bxb4 22. cxb4 b6 23. Nbd4 0-0 24. Ng5 Qxe5 25. Qxe5 Nxe5 26. Rxe5 f6 27. Re2 fxg5 28. hxg5 Rfe8 29. f4 Rc3 30. Rb3 Rxb3 31. Nxb3 Rc8 32. Nd4 Rc4 33. Nf3 Rxb4 34. Ne5 Be8 35. Rc2 Rxa4 36. Rc8 Kf8 37. Nxg6+ Kf7 38. Ne5+ Ke7 39. Rc7+ Kf8 40. Nc6 Rc4 41. Rxa7 Bxc6 42. bxc6 Rxc6 43. Rb7 Rc1+ 44. Kf2 Rc4 45. g6 Re4 46. Kf3 b5 47. g4 b4 48. f5 b3 49. Rxb3 exf5 50. gxf5 Ke7 51. Re3 Rxe3+ 52. Kxe3 Kf6 53. Kf4 d4 54. Ke4 d3 55. Kxd3 Kxf5 56. Ke3 Kxg6 57. Kf4 Kh5 58. Kg3 Kg5 59. Kh3 Kf4 60. Kh4 g5+ 61. Kh3 Kf3 62. Kh2 g4 0-1

[Event "COL-ch sf 2nd"]
[Site "Tunja"]
[Date "2018.04.19"]
[Round "4"]
[White "Prado, Leonardo"]
[Black "Gomez, Gonzalo"]
[Result "1-0"]
[WhiteElo "2097"]
[BlackElo "1957"]
[PlyCount "61"]
[EventDate "2018.04.17"]
[EventType "swiss"]
[EventRounds "10"]
[EventCountry "COL"]
[SourceTitle "CBM 184 Extra"]
[Source "ChessBase"]
[SourceDate "2018.06.28"]
[SourceVersion "1"]
[SourceVersionDate "2018.06.28"]
[SourceQuality "1"]

1. e4 e5 2. Nf3 Nc6 3. Bb5 d6 4. 0-0 Nf6 5. Re1 Be7 6. d4 exd4 7. Nxd4 Bd7 8. Nc3 0-0 9. Nf5 Re8 10. Bg5 Ne5 11. f4 Ng6 12. Nxe7+ Rxe7 13. Bxd7 Qxd7 14. Bxf6 gxf6 15. Nd5 Kg7 16. f5 c6 17. Nxe7 Nxe7 18. Re3 Kh8 19. Qh5 Ng8 20. Rd1 Qe7 21. Rh3 h6 22. Qg4 Rd8 23. Rg3 Qf8 24. Qf4 Kh7 25. Rgd3 d5 26. exd5 Rd6 27. c4 c5 28. Re1 Qd8 29. Rde3 Rd7 30. Re8 Qa5 31. Qg3 1-0

[Event "COL-ch sf 2nd"]
[Site "Tunja"]
[Date "2018.04.18"]
[Round "3"]
[White "Cespedes Galindo, Estefania"]
[Black "Prado, Leonardo"]
[Result "0-1"]
[WhiteElo "1775"]
[BlackElo "2097"]
[PlyCount "49"]
[EventDate "2018.04.17"]
[EventType "swiss"]
[EventRounds "10"]
[EventCountry "COL"]
[SourceTitle "CBM 184 Extra"]
[Source "ChessBase"]
[SourceDate "2018.06.28"]
[SourceVersion "1"]
[SourceVersionDate "2018.06.28"]
[SourceQuality "1"]

1. d4 Nf6 2. Nf3 e6 3. Bg5 Be7 4. e3 h6 5. Bh4 c5 6. c3 Nc6 7. Bd3 d6 8. a3 Bd7 9. Nbd2 Rc8 10. 0-0 0-0 11. Rc1 cxd4 12. exd4 Nh5 13. Bg3 f5 14. Qe2 Rf6 15. c4 a5 16. Rfd1 Qf8 17. Nf1 Re8 18. d5 Nd8 19. dxe6 Nxe6 20. h3 b6 21. b4 axb4 22. axb4 f4 23. Bh2 Ng5 24. h4 Nxf3+ 25. Qxf3 0-1

[Event "COL-ch Amateur U2300"]
[Site "Bogota"]
[Date "2018.02.16"]
[Round "2"]
[White "Prado, Leonardo"]
[Black "Lopez Idarraga, Daniel Eduardo"]
[Result "1-0"]
[WhiteElo "2126"]
[BlackElo "2045"]
[PlyCount "84"]
[EventDate "2018.02.15"]
[EventType "swiss"]
[EventRounds "7"]
[EventCountry "COL"]
[SourceTitle "EXT 2024"]
[Source "ChessBase"]
[SourceDate "2023.10.10"]
[SourceVersion "1"]
[SourceVersionDate "2023.10.10"]
[SourceQuality "1"]

1. e4 e6 2. d4 d5 3. e5 c5 4. c3 Nc6 5. Nf3 Bd7 6. Bd3 cxd4 7. cxd4 Qb6 8. Bc2 Nb4 9. Nc3 Nxc2+ 10. Qxc2 Ne7 11. 0-0 Nf5 12. Qd1 h5 13. g3 Be7 14. a4 g5 15. a5 Qb4 16. Bxg5 Bxg5 17. Nxg5 Qxd4 18. Qxd4 Nxd4 19. Rfd1 Nf5 20. Nf3 Rc8 21. Nd4 Nxd4 22. Rxd4 a6 23. Rad1 Rc7 24. Kg2 Ke7 25. Kf3 Rc5 26. Ra1 Rg8 27. h4 f6 28. exf6+ Kxf6 29. Ke3 Bc6 30. Rf4+ Ke7 31. Kd2 Bd7 32. b4 Rcc8 33. Re1 Kd6 34. Rd4 Rxc3 35. Kxc3 e5 36. Rdd1 Ba4 37. Rd2 Rc8+ 38. Kb2 Rc4 39. Ka3 Bb5 40. Rg1 Bd7 41. Rdd1 Bf5 42. Kb3 Be6 1-0

[Event "Tunja Liga Boyaca"]
[Site "Tunja"]
[Date "2017.12.14"]
[Round "1.6"]
[White "Largo Chaparro, Sofia Alejandra"]
[Black "Prado, Leonardo"]
[Result "0-1"]
[WhiteElo "1444"]
[BlackElo "2150"]
[PlyCount "48"]
[EventDate "2017.12.14"]
[EventType "swiss"]
[EventRounds "7"]
[EventCountry "COL"]
[SourceTitle "EXT 2024"]
[Source "ChessBase"]
[SourceDate "2023.10.10"]
[SourceVersion "1"]
[SourceVersionDate "2023.10.10"]
[SourceQuality "1"]

1. d4 Nf6 2. Bf4 e6 3. Nf3 c5 4. c3 Nc6 5. e3 Nd5 6. Bg3 cxd4 7. cxd4 Qb6 8. Qc1 f5 9. Nc3 Bb4 10. Be2 Qa5 11. 0-0 Bxc3 12. bxc3 Nxc3 13. Qd2 0-0 14. Rfc1 Nxe2+ 15. Qxe2 b6 16. Bd6 Rf6 17. Rc2 Ba6 18. Qd2 Qd5 19. Bf4 Rg6 20. Qd1 Bb7 21. Rb2 Na5 22. Kh1 Rc8 23. Rc1 Rxc1 24. Qxc1 Qxf3 0-1

[Event "Pan American-ch Seniors 65"]
[Site "Neiva"]
[Date "2017.10.16"]
[Round "9"]
[White "Belmonte, Diego Jose"]
[Black "Prado, Leonardo"]
[Result "1-0"]
[WhiteElo "1951"]
[BlackElo "2090"]
[PlyCount "76"]
[EventDate "2017.10.11"]
[EventType "swiss"]
[EventRounds "9"]
[EventCountry "COL"]
[SourceTitle "CBM 181 Extra"]
[Source "ChessBase"]
[SourceDate "2017.12.12"]
[SourceVersion "1"]
[SourceVersionDate "2017.12.12"]
[SourceQuality "1"]

1. e4 e5 2. Nf3 d6 3. Bc4 h6 4. d4 Nd7 5. Nc3 c6 6. 0-0 Ngf6 7. Re1 Be7 8. h3 0-0 9. a4 Re8 10. Be3 Bf8 11. Qd2 d5 12. dxe5 Nxe4 13. Nxe4 dxe4 14. e6 fxe6 15. Nd4 Nb6 16. Bb3 Nd5 17. Ne2 Qf6 18. Ng3 Qg6 19. Qd4 Nf6 20. Rad1 Kh7 21. Qe5 c5 22. Bf4 Bd7 23. Nxe4 Bc6 24. Ng3 Nd7 25. Qe2 e5 26. Bc1 Nf6 27. c3 e4 28. Be3 Rac8 29. Qc4 Re5 30. Qf1 h5 31. Ne2 h4 32. Bf4 Rf5 33. Be6 Nh5 34. Bxc8 Rxf4 35. Nxf4 Nxf4 36. Re3 Bxa4 37. Bg4 c4 38. Rd4 Bc6 1-0